Statistiques concernant Les Simpson - Questions aléatoires (1)

Cliquez ici pour prendre le quiz!

Statistiques générales

  • Ce quiz a été pris 67 fois
  • Le résultat moyen est 5 sur 10

Statistiques - réponses

QuestionRéponse% Correct
Qui n'est jamais tombé amoureux de Lisa ?Martin
85%
Comment s'appelle la boutique du vendeur de BD ?Le Donjon de l'Androïde
69%
Qui n'a pas participé à la production du premier épisode de la saison 1 ?Matt Selman
55%
Dans quel épisode Apu et Manjula se marient-ils ?Mère hindoue fils indigne
55%
Quel pays Les Simpson ont-ils le plus visité ?France
53%
Quelle réplique phare aurait été prononcée par Jebediah Springfield ?Un esprit noble engrandit le plus petit des hommes.
52%
Lequel de ces personnages n'est pas mort (jusqu'à la saison 33)Jasper
42%
Dans quelle saison apparaît pour la première fois le Dr. Nick ?Saison 2
37%
Combien y a-t-il d'épisodes de Noël dans la série sur les 33 premières saisons ?17
23%
Lequel de ces programmes télévisés n'est pas animé par Kent Brockman ?Springfield News
10%

Distribution des résultats

Percentile par nombre de réponses

% des personnes avec chaque résultat

Votre développement - résultats

Vous n’avez pas pris ce quiz